Pracovní listy k Vlastivědě pro 5. ročník zvláštní školy /

Main Author: Tichá, Milada, 1929-
Other Authors: Tupý, Karel, 1920-
Language: Czech
Published: Praha : SPN, 1990
Edition: 5.vyd.
Series: Učebnice pro základní školy
Physical Description: 22 s.
Book
Saved in:
LEADER 00935nam a22002772a 4500
001 000048730
003 CZ BrMZK
005 19951201143423.0
008 951201s1990 xr f cze d
015 |a cnb000532989 
020 |a 80-04-24822-5 
035 |a (OCoLC)124089915 
040 |a BOA001  |b cze 
080 |a 372.48(078):376  |2 MRF 
100 1 |a Tichá, Milada,  |d 1929-  |7 mzk2004221665 
245 1 0 |a Pracovní listy k Vlastivědě pro 5. ročník zvláštní školy /  |c Milada Tichá, Karel Tupý 
250 |a 5.vyd. 
260 |a Praha :  |b SPN,  |c 1990 
300 |a 22 s. 
490 1 |a Učebnice pro základní školy 
700 1 |a Tupý, Karel,  |d 1920-  |7 jk01140425 
830 0 |a Učebnice pro základní školy 
910 |a BOA001  |b PK-N-0028.544 
964 |a Vlastivěda - listy pracovní - školy zvláštní 
990 |a BK 
996 7 |b 3119980868  |c PK-N-0028.544  |l MZK  |r Sklad / do 1 hodiny  |n 1  |w 000048730  |u 000010  |a 1  |e BOA001  |j MZK50  |s A